[Event "ODJM B 2025"]
[Site "Willingen GER"]
[Date "2025.06.08"]
[Round "1"]
[White "Schmidt, Jossip"]
[Black "Jüngling, Leonard"]
[Result "1-0"]
[Termination "normal"]
[Board "41"]
[WhiteElo "1647"]
[BlackElo "1522"]
[WhiteClock "00:47:14"]
[BlackClock "00:00:57"]
[PlyCount "63"]
[WhiteFideId "34621148"]
[BlackFideId "34669116"]
[EventCountry "GER"]
[EventRounds "9"]
[EventType "swiss"]
[EventDate "2025.06.07"]

1. e4 {[%clk 01:30:58]} {[%emt 00:00:01]} e5 {[%clk 01:30:58]} {[%emt
00:00:03]} 2. Nf3 {[%clk 01:31:14]} {[%emt 00:00:14]} Nc6 {[%clk 01:31:20]}
{[%emt 00:00:08]} 3. Bc4 {[%clk 01:31:18]} {[%emt 00:00:26]} Bc5 {[%clk
01:31:44]} {[%emt 00:00:06]} 4. d3 {[%clk 01:31:10]} {[%emt 00:00:37]} Nf6
{[%clk 01:30:01]} {[%emt 00:02:14]} 5. Nc3 {[%clk 01:30:46]} {[%emt 00:00:53]}
a6 {[%clk 01:29:28]} {[%emt 00:01:05]} 6. Be3 {[%clk 01:29:02]} {[%emt
00:02:12]} Ba7 {[%clk 01:29:42]} {[%emt 00:00:16]} 7. a3 {[%clk 01:26:53]}
{[%emt 00:02:39]} b5 {[%clk 01:25:51]} {[%emt 00:04:22]} 8. Ba2 {[%clk
01:26:26]} {[%emt 00:00:56]} d6 {[%clk 01:25:08]} {[%emt 00:01:15]} 9. h3
{[%clk 01:23:45]} {[%emt 00:03:09]} h6 {[%clk 01:15:19]} {[%emt 00:10:20]} 10.
Qd2 {[%clk 01:22:29]} {[%emt 00:01:43]} Nd4 {[%clk 01:00:10]} {[%emt 00:15:42]}
11. Bxd4 {[%clk 01:16:54]} {[%emt 00:06:04]} Bxd4 {[%clk 00:51:13]} {[%emt
00:09:28]} 12. Nxd4 {[%clk 01:16:19]} {[%emt 00:01:05]} exd4 {[%clk 00:51:39]}
{[%emt 00:00:05]} 13. Nd5 {[%clk 01:16:06]} {[%emt 00:00:42]} c6 {[%clk
00:45:09]} {[%emt 00:07:01]} 14. Nxf6+ {[%clk 01:15:06]} {[%emt 00:01:29]} Qxf6
{[%clk 00:44:12]} {[%emt 00:01:28]} 15. O-O {[%clk 01:14:01]} {[%emt 00:01:35]}
O-O {[%clk 00:42:30]} {[%emt 00:02:12]} 16. f4 {[%clk 01:12:38]} {[%emt
00:01:52]} Be6 {[%clk 00:35:16]} {[%emt 00:07:45]} 17. b3 {[%clk 01:05:48]}
{[%emt 00:07:19]} Qd8 {[%clk 00:27:07]} {[%emt 00:08:40]} 18. f5 {[%clk
01:04:03]} {[%emt 00:02:14]} Bd7 {[%clk 00:27:23]} {[%emt 00:00:15]} 19. f6
{[%clk 01:03:41]} {[%emt 00:00:52]} Kh7 {[%clk 00:23:04]} {[%emt 00:04:50]} 20.
fxg7 {[%clk 01:03:03]} {[%emt 00:01:07]} Rg8 {[%clk 00:17:27]} {[%emt
00:06:08]} 21. b4 {[%clk 00:58:39]} {[%emt 00:04:53]} Rxg7 {[%clk 00:16:54]}
{[%emt 00:01:03]} 22. Rxf7 {[%clk 00:58:49]} {[%emt 00:00:20]} Rxf7 {[%clk
00:16:44]} {[%emt 00:00:41]} 23. Bxf7 {[%clk 00:56:55]} {[%emt 00:02:24]} Be8
{[%clk 00:06:41]} {[%emt 00:10:33]} 24. Qf4 {[%clk 00:52:24]} {[%emt 00:05:00]}
Qe7 {[%clk 00:05:17]} {[%emt 00:01:54]} 25. Rf1 {[%clk 00:51:59]} {[%emt
00:00:55]} Bd7 {[%clk 00:04:29]} {[%emt 00:01:18]} 26. Qg3 {[%clk 00:51:10]}
{[%emt 00:01:17]} Qg5 {[%clk 00:01:41]} {[%emt 00:03:20]} 27. Qxg5 {[%clk
00:49:35]} {[%emt 00:02:05]} hxg5 {[%clk 00:02:02]} {[%emt 00:00:10]} 28. Rf6
{[%clk 00:47:24]} {[%emt 00:02:40]} Rf8 {[%clk 00:00:41]} {[%emt 00:01:51]} 29.
Bg6+ {[%clk 00:47:18]} {[%emt 00:00:33]} Kg7 {[%clk 00:00:59]} {[%emt
00:00:15]} 30. Rxd6 {[%clk 00:47:06]} {[%emt 00:00:41]} Be8 {[%clk 00:00:32]}
{[%emt 00:00:58]} 31. Bxe8 {[%clk 00:47:14]} {[%emt 00:00:22]} Rxe8 {[%clk
00:00:57]} {[%emt 00:00:05]} 32. Rxc6 {[%emt 00:01:17]} 1-0

[Event "ODJM B 2025"]
[Site "Willingen GER"]
[Date "2025.06.08"]
[Round "1"]
[White "Hantke, Karl"]
[Black "John, Linnea"]
[Result "0-1"]
[Termination "normal"]
[Board "42"]
[WhiteElo "1666"]
[BlackElo "1631"]
[WhiteClock "01:01:50"]
[BlackClock "00:17:02"]
[PlyCount "52"]
[WhiteFideId "34640827"]
[BlackFideId "34623680"]
[EventCountry "GER"]
[EventRounds "9"]
[EventType "swiss"]
[EventDate "2025.06.07"]

1. d4 {[%clk 01:30:58]} {[%emt 00:00:01]} d5 {[%clk 01:30:56]} {[%emt
00:00:05]} 2. c4 {[%clk 01:31:08]} {[%emt 00:00:21]} e6 {[%clk 01:31:15]}
{[%emt 00:00:10]} 3. Nc3 {[%clk 01:31:32]} {[%emt 00:00:06]} Nf6 {[%clk
01:31:38]} {[%emt 00:00:06]} 4. Bg5 {[%clk 01:31:53]} {[%emt 00:00:09]} Nbd7
{[%clk 01:31:39]} {[%emt 00:00:30]} 5. cxd5 {[%clk 01:29:06]} {[%emt 00:03:16]}
exd5 {[%clk 01:32:03]} {[%emt 00:00:06]} 6. e3 {[%clk 01:27:15]} {[%emt
00:02:21]} Be7 {[%clk 01:31:51]} {[%emt 00:00:42]} 7. Bd3 {[%clk 01:26:39]}
{[%emt 00:01:06]} O-O {[%clk 01:31:42]} {[%emt 00:00:38]} 8. Qc2 {[%clk
01:25:23]} {[%emt 00:01:47]} c6 {[%clk 01:30:01]} {[%emt 00:02:11]} 9. Nf3
{[%clk 01:24:19]} {[%emt 00:01:34]} Re8 {[%clk 01:28:56]} {[%emt 00:01:34]} 10.
O-O {[%clk 01:24:09]} {[%emt 00:00:40]} Nf8 {[%clk 01:24:07]} {[%emt 00:05:19]}
11. Rfe1 {[%clk 01:21:49]} {[%emt 00:02:50]} Ne4 {[%clk 01:14:28]} {[%emt
00:10:09]} 12. Bxe7 {[%clk 01:20:14]} {[%emt 00:02:05]} Qxe7 {[%clk 01:14:46]}
{[%emt 00:00:12]} 13. Ne5 {[%clk 01:17:18]} {[%emt 00:03:26]} Nd7 {[%clk
00:56:34]} {[%emt 00:18:41]} 14. Nxd7 {[%clk 01:15:54]} {[%emt 00:01:54]} Bxd7
{[%clk 00:56:32]} {[%emt 00:00:32]} 15. f3 {[%clk 01:15:39]} {[%emt 00:00:46]}
Nf6 {[%clk 00:56:45]} {[%emt 00:00:17]} 16. e4 {[%clk 01:15:15]} {[%emt
00:00:55]} dxe4 {[%clk 00:51:32]} {[%emt 00:05:42]} 17. fxe4 {[%clk 01:11:23]}
{[%emt 00:04:22]} Qb4 {[%clk 00:39:36]} {[%emt 00:12:25]} 18. Ne2 {[%clk
01:08:30]} {[%emt 00:03:23]} Bg4 {[%clk 00:36:53]} {[%emt 00:03:13]} 19. a3
{[%clk 01:08:19]} {[%emt 00:00:42]} Qb6 {[%clk 00:36:03]} {[%emt 00:01:20]} 20.
Nc3 {[%clk 01:04:53]} {[%emt 00:03:55]} Qxd4+ {[%clk 00:35:02]} {[%emt
00:01:31]} 21. Kh1 {[%clk 01:04:58]} {[%emt 00:00:26]} Rad8 {[%clk 00:33:47]}
{[%emt 00:01:45]} 22. Be2 {[%clk 01:02:52]} {[%emt 00:02:35]} Nxe4 {[%clk
00:18:14]} {[%emt 00:16:03]} 23. Bxg4 {[%clk 01:01:01]} {[%emt 00:02:21]} Nf2+
{[%clk 00:17:11]} {[%emt 00:01:33]} 24. Kg1 {[%clk 01:01:13]} {[%emt 00:00:17]}
Nxg4+ {[%clk 00:16:58]} {[%emt 00:00:43]} 25. Kh1 {[%clk 01:01:28]} {[%emt
00:00:16]} Nf2+ {[%clk 00:17:13]} {[%emt 00:00:16]} 26. Kg1 {[%clk 01:01:50]}
{[%emt 00:00:07]} Nd3+ {[%clk 00:17:02]} {[%emt 00:00:42]} 0-1

[Event "ODJM B 2025"]
[Site "Willingen GER"]
[Date "2025.06.08"]
[Round "1"]
[White "Gutsche, Jan-Frederic"]
[Black "Meyer, Hugo"]
[Result "1/2-1/2"]
[Termination "normal"]
[Board "43"]
[WhiteElo "1742"]
[BlackElo "1591"]
[WhiteClock "00:00:38"]
[BlackClock "00:01:20"]
[PlyCount "80"]
[WhiteFideId "34683631"]
[BlackFideId "533005249"]
[EventCountry "GER"]
[EventRounds "9"]
[EventType "swiss"]
[EventDate "2025.06.07"]

1. e4 {[%clk 01:30:44]} {[%emt 00:00:16]} c5 {[%clk 01:25:04]} {[%emt
00:05:57]} 2. Nf3 {[%clk 01:30:58]} {[%emt 00:00:15]} d6 {[%clk 01:25:33]}
{[%emt 00:00:02]} 3. d4 {[%clk 01:31:15]} {[%emt 00:00:13]} cxd4 {[%clk
01:25:55]} {[%emt 00:00:09]} 4. Nxd4 {[%clk 01:31:43]} {[%emt 00:00:01]} Nf6
{[%clk 01:26:14]} {[%emt 00:00:11]} 5. Nc3 {[%clk 01:32:00]} {[%emt 00:00:13]}
g6 {[%clk 01:26:38]} {[%emt 00:00:06]} 6. Be2 {[%clk 01:30:42]} {[%emt
00:01:47]} Bg7 {[%clk 01:26:53]} {[%emt 00:00:15]} 7. Be3 {[%clk 01:27:57]}
{[%emt 00:03:15]} O-O {[%emt 00:00:16]} 8. O-O {[%clk 01:24:00]} {[%emt
00:04:25]} Bd7 {[%clk 01:25:07]} {[%emt 00:02:33]} 9. h3 {[%clk 01:10:34]}
{[%emt 00:13:55]} Nc6 {[%clk 01:24:59]} {[%emt 00:00:39]} 10. Qd2 {[%clk
01:07:41]} {[%emt 00:03:23]} Rc8 {[%clk 01:18:53]} {[%emt 00:06:36]} 11. Rac1
{[%clk 00:47:58]} {[%emt 00:20:12]} Ne5 {[%clk 01:12:38]} {[%emt 00:06:45]} 12.
Bh6 {[%clk 00:22:31]} {[%emt 00:25:57]} Nc4 {[%clk 01:10:47]} {[%emt 00:02:22]}
13. Bxc4 {[%clk 00:22:36]} {[%emt 00:00:24]} Rxc4 {[%emt 00:01:14]} 14. Bxg7
{[%clk 00:20:52]} {[%emt 00:02:13]} Kxg7 {[%clk 01:10:30]} {[%emt 00:00:04]}
15. Rfe1 {[%clk 00:16:18]} {[%emt 00:05:04]} Qb6 {[%clk 00:59:37]} {[%emt
00:11:24]} 16. Nb3 {[%clk 00:14:09]} {[%emt 00:02:38]} a5 {[%clk 00:48:59]}
{[%emt 00:11:09]} 17. Nd5 {[%clk 00:06:24]} {[%emt 00:08:14]} Nxd5 {[%clk
00:49:15]} {[%emt 00:00:14]} 18. Qxd5 {[%clk 00:03:41]} {[%emt 00:03:13]} Rfc8
{[%clk 00:42:43]} {[%emt 00:07:02]} 19. c3 {[%clk 00:00:35]} {[%emt 00:03:37]}
a4 {[%clk 00:36:32]} {[%emt 00:06:41]} 20. Nd2 {[%clk 00:00:35]} {[%emt
00:00:29]} R4c5 {[%clk 00:34:44]} {[%emt 00:02:18]} 21. Qd4+ {[%clk 00:00:50]}
{[%emt 00:00:14]} e5 {[%clk 00:19:18]} {[%emt 00:15:57]} 22. Qd3 {[%clk
00:00:44]} {[%emt 00:00:36]} Be6 {[%clk 00:19:28]} {[%emt 00:00:20]} 23. Qb1
{[%clk 00:00:32]} {[%emt 00:00:41]} a3 {[%clk 00:11:19]} {[%emt 00:08:39]} 24.
c4 {[%clk 00:00:32]} {[%emt 00:00:30]} Qxb2 {[%clk 00:07:25]} {[%emt 00:04:24]}
25. Qxb2 {[%clk 00:00:33]} {[%emt 00:00:30]} axb2 {[%clk 00:07:44]} {[%emt
00:00:11]} 26. Rc2 {[%clk 00:00:31]} {[%emt 00:00:31]} Bxc4 {[%clk 00:02:50]}
{[%emt 00:05:23]} 27. Nxc4 {[%clk 00:00:35]} {[%emt 00:00:27]} Rxc4 {[%clk
00:03:03]} {[%emt 00:00:18]} 28. Rxb2 {[%clk 00:00:58]} {[%emt 00:00:07]} Rb8
{[%clk 00:02:21]} {[%emt 00:01:12]} 29. Rb6 {[%clk 00:00:46]} {[%emt 00:00:40]}
Rc6 {[%clk 00:01:55]} {[%emt 00:00:57]} 30. Reb1 {[%clk 00:00:56]} {[%emt
00:00:20]} Rxb6 {[%clk 00:01:01]} {[%emt 00:01:25]} 31. Rxb6 {[%clk 00:01:24]}
{[%emt 00:00:01]} Ra8 {[%clk 00:01:23]} {[%emt 00:00:08]} 32. Rxd6 {[%clk
00:00:37]} {[%emt 00:01:17]} Rxa2 {[%clk 00:00:58]} {[%emt 00:00:55]} 33. Rb6
{[%clk 00:01:05]} {[%emt 00:00:02]} Ra7 {[%clk 00:01:12]} {[%emt 00:00:16]} 34.
f3 {[%clk 00:00:33]} {[%emt 00:01:02]} Kf8 {[%clk 00:00:51]} {[%emt 00:00:51]}
35. Kf2 {[%clk 00:00:36]} {[%emt 00:00:27]} Ke7 {[%clk 00:01:18]} {[%emt
00:00:03]} 36. g4 {[%clk 00:00:31]} {[%emt 00:00:35]} h6 {[%clk 00:00:41]}
{[%emt 00:01:06]} 37. h4 {[%clk 00:00:34]} {[%emt 00:00:27]} g5 {[%clk
00:00:52]} {[%emt 00:00:20]} 38. Rxh6 {[%clk 00:00:38]} {[%emt 00:00:27]} gxh4
{[%clk 00:00:57]} {[%emt 00:00:25]} 39. Rxh4 {[%clk 00:00:31]} {[%emt
00:00:37]} b5 {[%clk 00:01:12]} {[%emt 00:00:14]} 40. Rh6 {[%clk 00:00:38]}
{[%emt 00:00:23]} Rb7 {[%clk 00:01:20]} {[%emt 00:00:22]} 1/2-1/2

[Event "ODJM B 2025"]
[Site "Willingen GER"]
[Date "2025.06.08"]
[Round "1"]
[White "Hildebrand, Azat"]
[Black "Duchstein, Anna"]
[Result "0-1"]
[Termination "normal"]
[Board "44"]
[WhiteElo "1602"]
[BlackElo "1724"]
[WhiteClock "00:20:54"]
[BlackClock "00:26:00"]
[PlyCount "140"]
[WhiteFideId "34607536"]
[BlackFideId "16261372"]
[EventCountry "GER"]
[EventRounds "9"]
[EventType "swiss"]
[EventDate "2025.06.07"]

1. e4 {[%clk 01:30:55]} {[%emt 00:00:05]} c5 {[%clk 01:30:36]} {[%emt
00:00:25]} 2. Nf3 {[%clk 01:31:20]} {[%emt 00:00:05]} a6 {[%clk 01:30:56]}
{[%emt 00:00:09]} 3. c3 {[%clk 01:31:30]} {[%emt 00:00:21]} g6 {[%clk
01:29:03]} {[%emt 00:02:23]} 4. d4 {[%clk 01:31:42]} {[%emt 00:00:18]} cxd4
{[%clk 01:28:47]} {[%emt 00:00:45]} 5. cxd4 {[%clk 01:30:17]} {[%emt 00:01:55]}
Bg7 {[%clk 01:28:20]} {[%emt 00:00:57]} 6. Nc3 {[%clk 01:27:35]} {[%emt
00:03:13]} d6 {[%clk 01:26:02]} {[%emt 00:02:47]} 7. Qa4+ {[%clk 01:26:27]}
{[%emt 00:01:38]} Bd7 {[%clk 01:22:13]} {[%emt 00:04:18]} 8. Qb3 {[%clk
01:23:40]} {[%emt 00:03:17]} Qc8 {[%clk 01:13:25]} {[%emt 00:09:18]} 9. Bc4
{[%clk 01:20:25]} {[%emt 00:03:45]} e6 {[%clk 01:10:18]} {[%emt 00:03:38]} 10.
Bf4 {[%clk 01:17:32]} {[%emt 00:03:22]} Nc6 {[%clk 01:03:54]} {[%emt 00:06:54]}
11. Bd3 {[%clk 01:02:39]} {[%emt 00:15:24]} Qb8 {[%clk 00:43:21]} {[%emt
00:21:03]} 12. d5 {[%clk 00:53:47]} {[%emt 00:09:23]} Ne5 {[%clk 00:39:52]}
{[%emt 00:03:59]} 13. Nxe5 {[%clk 00:53:09]} {[%emt 00:01:08]} dxe5 {[%clk
00:39:51]} {[%emt 00:00:31]} 14. Be3 {[%clk 00:51:54]} {[%emt 00:01:45]} Ne7
{[%clk 00:34:13]} {[%emt 00:06:08]} 15. Bc5 {[%clk 00:48:12]} {[%emt 00:04:12]}
Bf6 {[%clk 00:33:32]} {[%emt 00:01:11]} 16. O-O {[%clk 00:37:35]} {[%emt
00:11:08]} O-O {[%clk 00:33:15]} {[%emt 00:00:47]} 17. Rac1 {[%clk 00:35:09]}
{[%emt 00:02:56]} Re8 {[%clk 00:32:39]} {[%emt 00:01:06]} 18. Rfd1 {[%clk
00:33:22]} {[%emt 00:02:16]} Nc8 {[%clk 00:29:40]} {[%emt 00:03:29]} 19. Na4
{[%clk 00:30:08]} {[%emt 00:03:44]} exd5 {[%clk 00:26:05]} {[%emt 00:04:05]}
20. exd5 {[%clk 00:29:55]} {[%emt 00:00:43]} e4 {[%clk 00:25:19]} {[%emt
00:01:16]} 21. Be2 {[%clk 00:28:13]} {[%emt 00:02:13]} b5 {[%clk 00:24:30]}
{[%emt 00:01:19]} 22. Nc3 {[%clk 00:26:18]} {[%emt 00:02:24]} Nd6 {[%clk
00:23:35]} {[%emt 00:01:25]} 23. a4 {[%clk 00:22:03]} {[%emt 00:04:45]} Nf5
{[%clk 00:18:31]} {[%emt 00:05:34]} 24. axb5 {[%clk 00:19:46]} {[%emt
00:02:47]} axb5 {[%clk 00:18:05]} {[%emt 00:00:56]} 25. Nxb5 {[%clk 00:19:05]}
{[%emt 00:01:11]} Ra5 {[%clk 00:15:22]} {[%emt 00:03:13]} 26. Ra1 {[%clk
00:17:16]} {[%emt 00:02:20]} Rxb5 {[%clk 00:13:29]} {[%emt 00:02:23]} 27. Bxb5
{[%clk 00:16:22]} {[%emt 00:01:24]} Qxb5 {[%clk 00:13:44]} {[%emt 00:00:15]}
28. Qxb5 {[%clk 00:16:00]} {[%emt 00:00:52]} Bxb5 {[%clk 00:14:07]} {[%emt
00:00:07]} 29. Ra5 {[%clk 00:15:00]} {[%emt 00:01:31]} Bd3 {[%clk 00:13:58]}
{[%emt 00:00:39]} 30. b4 {[%clk 00:13:50]} {[%emt 00:01:40]} Nd4 {[%clk
00:13:19]} {[%emt 00:01:09]} 31. Bxd4 {[%clk 00:11:49]} {[%emt 00:02:31]} Bxd4
{[%clk 00:13:34]} {[%emt 00:00:15]} 32. g3 {[%clk 00:11:21]} {[%emt 00:00:58]}
Rd8 {[%clk 00:13:22]} {[%emt 00:00:42]} 33. Rc1 {[%clk 00:07:53]} {[%emt
00:03:58]} Kf8 {[%clk 00:12:14]} {[%emt 00:01:38]} 34. Rc6 {[%clk 00:07:36]}
{[%emt 00:00:46]} e3 {[%clk 00:11:35]} {[%emt 00:01:09]} 35. fxe3 {[%clk
00:07:25]} {[%emt 00:00:41]} Bxe3+ {[%clk 00:11:57]} {[%emt 00:00:08]} 36. Kg2
{[%clk 00:06:43]} {[%emt 00:01:12]} Be4+ {[%clk 00:11:59]} {[%emt 00:00:28]}
37. Kf1 {[%clk 00:05:22]} {[%emt 00:01:50]} Bxd5 {[%clk 00:11:30]} {[%emt
00:01:00]} 38. Rc2 {[%clk 00:02:03]} {[%emt 00:03:49]} Be6 {[%clk 00:09:27]}
{[%emt 00:02:33]} 39. Kg2 {[%clk 00:00:31]} {[%emt 00:02:02]} Rb8 {[%clk
00:08:26]} {[%emt 00:01:32]} 40. b5 {[%clk 00:00:32]} {[%emt 00:00:30]} Bb6
{[%clk 00:07:06]} {[%emt 00:01:49]} 41. Ra3 {[%clk 00:28:09]} {[%emt 00:02:51]}
Bd8 {[%clk 00:36:21]} {[%emt 00:01:16]} 42. Rb2 {[%clk 00:26:43]} {[%emt
00:01:56]} Bc4 {[%clk 00:34:39]} {[%emt 00:02:12]} 43. Ra4 {[%clk 00:25:05]}
{[%emt 00:02:08]} Rxb5 {[%clk 00:33:24]} {[%emt 00:01:46]} 44. Rxb5 {[%clk
00:25:11]} {[%emt 00:00:25]} Bxb5 {[%clk 00:33:47]} {[%emt 00:00:07]} 45. Rb4
{[%clk 00:25:30]} {[%emt 00:00:11]} Bc6+ {[%clk 00:33:53]} {[%emt 00:00:24]}
46. Kf2 {[%clk 00:25:37]} {[%emt 00:00:22]} Kg7 {[%clk 00:33:25]} {[%emt
00:00:58]} 47. Rc4 {[%clk 00:25:49]} {[%emt 00:00:19]} Bb6+ {[%clk 00:32:49]}
{[%emt 00:01:06]} 48. Ke1 {[%clk 00:25:40]} {[%emt 00:00:38]} Bd5 {[%clk
00:32:29]} {[%emt 00:00:51]} 49. Rc2 {[%clk 00:24:27]} {[%emt 00:01:39]} Be6
{[%clk 00:32:31]} {[%emt 00:00:32]} 50. Rb2 {[%clk 00:23:53]} {[%emt 00:01:03]}
Bd4 {[%clk 00:32:33]} {[%emt 00:00:29]} 51. Rc2 {[%clk 00:23:11]} {[%emt
00:01:12]} h5 {[%clk 00:32:39]} {[%emt 00:00:23]} 52. h4 {[%clk 00:23:03]}
{[%emt 00:00:38]} Kf6 {[%clk 00:31:55]} {[%emt 00:01:15]} 53. Ke2 {[%clk
00:22:04]} {[%emt 00:01:27]} Kf5 {[%clk 00:30:39]} {[%emt 00:01:48]} 54. Kf1
{[%clk 00:20:22]} {[%emt 00:02:12]} Kg4 {[%clk 00:30:02]} {[%emt 00:01:06]} 55.
Kg2 {[%clk 00:20:22]} {[%emt 00:00:31]} Bd5+ {[%clk 00:28:52]} {[%emt
00:01:40]} 56. Kh2 {[%clk 00:18:56]} {[%emt 00:01:54]} Be5 {[%clk 00:27:08]}
{[%emt 00:02:15]} 57. Rc5 {[%clk 00:18:46]} {[%emt 00:00:41]} Bxg3+ {[%clk
00:27:18]} {[%emt 00:00:19]} 58. Kg1 {[%clk 00:18:55]} {[%emt 00:00:21]} Be6
{[%clk 00:26:44]} {[%emt 00:01:04]} 59. Rb5 {[%clk 00:18:27]} {[%emt 00:00:58]}
Kxh4 {[%clk 00:26:13]} {[%emt 00:01:01]} 60. Kg2 {[%clk 00:18:32]} {[%emt
00:00:25]} Bd6 {[%clk 00:25:52]} {[%emt 00:00:51]} 61. Rb6 {[%clk 00:17:51]}
{[%emt 00:01:12]} Be7 {[%clk 00:25:49]} {[%emt 00:00:32]} 62. Rb7 {[%clk
00:18:10]} {[%emt 00:00:11]} Bd5+ {[%clk 00:26:11]} {[%emt 00:00:08]} 63. Kh2
{[%clk 00:18:09]} {[%emt 00:00:32]} Bxb7 {[%clk 00:26:29]} {[%emt 00:00:12]}
64. Kg1 {[%clk 00:18:34]} {[%emt 00:00:05]} Kg3 {[%clk 00:26:08]} {[%emt
00:00:51]} 65. Kf1 {[%clk 00:19:00]} {[%emt 00:00:04]} Bf3 {[%clk 00:25:36]}
{[%emt 00:01:01]} 66. Kg1 {[%clk 00:19:12]} {[%emt 00:00:18]} Bg5 {[%clk
00:25:06]} {[%emt 00:01:01]} 67. Kf1 {[%clk 00:19:36]} {[%emt 00:00:06]} Bd2
{[%clk 00:25:23]} {[%emt 00:00:13]} 68. Kg1 {[%clk 00:20:00]} {[%emt 00:00:06]}
Be2 {[%clk 00:25:25]} {[%emt 00:00:27]} 69. Kh1 {[%clk 00:20:27]} {[%emt
00:00:04]} h4 {[%clk 00:25:37]} {[%emt 00:00:18]} 70. Kg1 {[%clk 00:20:54]}
{[%emt 00:00:03]} Be3+ {[%clk 00:26:00]} {[%emt 00:00:07]} 0-1

[Event "ODJM B 2025"]
[Site "Willingen GER"]
[Date "2025.06.08"]
[Round "1"]
[White "Petrow, Andre"]
[Black "Winkler, Frida"]
[Result "1-0"]
[Termination "normal"]
[Board "45"]
[WhiteElo "1831"]
[BlackElo "1558"]
[WhiteClock "01:08:44"]
[BlackClock "00:48:30"]
[PlyCount "31"]
[WhiteFideId "34612815"]
[BlackFideId "34622322"]
[EventCountry "GER"]
[EventRounds "9"]
[EventType "swiss"]
[EventDate "2025.06.07"]

1. e4 {[%clk 01:30:49]} {[%emt 00:00:11]} c5 {[%clk 01:30:53]} {[%emt
00:00:07]} 2. b4 {[%clk 01:29:57]} {[%emt 00:01:22]} cxb4 {[%clk 01:23:27]}
{[%emt 00:07:55]} 3. c3 {[%clk 01:28:36]} {[%emt 00:01:51]} e6 {[%clk
01:20:04]} {[%emt 00:03:53]} 4. d4 {[%clk 01:26:32]} {[%emt 00:02:34]} bxc3
{[%clk 01:15:40]} {[%emt 00:04:54]} 5. Nxc3 {[%clk 01:25:52]} {[%emt 00:01:11]}
Bb4 {[%clk 01:16:00]} {[%emt 00:00:10]} 6. Bd2 {[%clk 01:26:11]} {[%emt
00:00:11]} Nc6 {[%clk 01:10:08]} {[%emt 00:06:19]} 7. Nf3 {[%clk 01:18:41]}
{[%emt 00:08:02]} Nge7 {[%clk 01:06:46]} {[%emt 00:03:52]} 8. Bd3 {[%clk
01:12:30]} {[%emt 00:06:41]} O-O {[%clk 01:05:30]} {[%emt 00:01:46]} 9. O-O
{[%clk 01:12:20]} {[%emt 00:00:40]} a6 {[%clk 01:00:54]} {[%emt 00:05:05]} 10.
d5 {[%clk 01:10:27]} {[%emt 00:02:24]} Bxc3 {[%clk 00:59:58]} {[%emt 00:01:26]}
11. Bxc3 {[%clk 01:10:48]} {[%emt 00:00:08]} exd5 {[%clk 00:58:29]} {[%emt
00:02:00]} 12. exd5 {[%clk 01:11:14]} {[%emt 00:00:05]} Nxd5 {[%clk 00:53:04]}
{[%emt 00:05:55]} 13. Bxh7+ {[%clk 01:11:30]} {[%emt 00:00:13]} Kxh7 {[%clk
00:53:25]} {[%emt 00:00:09]} 14. Qxd5 {[%clk 01:11:57]} {[%emt 00:00:03]} f6
{[%clk 00:51:20]} {[%emt 00:02:35]} 15. Rfe1 {[%clk 01:08:23]} {[%emt
00:04:05]} Re8 {[%clk 00:48:30]} {[%emt 00:03:19]} 16. Qh5+ {[%clk 01:08:44]}
{[%emt 00:00:10]} 1-0